|
|
|
|
| LEADER |
00000nas a2200000 a 4500 |
| 001 |
ssj0000081 |
| 003 |
WaSeSS |
| 005 |
20200512172242.0 |
| 006 |
m d |
| 007 |
cr n |
| 008 |
980511c19369999enkbx pss 0 a0eng c |
| 010 |
|
|
|a 2007247757
|
| 015 |
|
|
|a GBB605941
|2 bnb
|
| 016 |
7 |
|
|a J36420000
|2 DNLM
|
| 016 |
7 |
|
|a 016007307
|2 Uk
|
| 022 |
|
|
|a 1940-1019
|l 0022-3980
|y 0022-3980
|
| 035 |
|
|
|a (WaSeSS)ssj0000081
|
| 037 |
|
|
|b Heldref Publications, 1319 Eighteenth St., N.W., Washington, DC 20036-1806
|
| 040 |
|
|
|a FGA
|b eng
|e pn
|c FGA
|d OCL
|d OCLCQ
|d BUF
|d PFM
|d NSD
|d Z5A
|d NTE
|d OCLCQ
|d UKMGB
|d OCLCQ
|d OCLCO
|d OCLCQ
|d OCLCF
|d OCLCO
|d OCLCQ
|d OCLCO
|d OCLCQ
|d TSC
|d NLE
|d REB
|d OCLCO
|d AU@
|d OCLCO
|d WYU
|d OCLCO
|d U3W
|d AUD
|d VT2
|d TKN
|d DLC
|d WaSeSS
|
| 042 |
|
|
|a pcc
|a nsdp
|
| 050 |
0 |
0 |
|a BF1
|
| 060 |
0 |
|
|a W1 JO858
|
| 082 |
1 |
0 |
|a 150
|2 14
|
| 130 |
0 |
|
|a Journal of psychology (Washington, D.C. : Online)
|
| 222 |
|
0 |
|a Journal of psychology (Washington, D.C. Online)
|
| 245 |
1 |
4 |
|a The Journal of psychology
|h [electronic resource].
|
| 246 |
1 |
|
|a Journal of psychology :
|b interdisciplinary and applied
|
| 260 |
|
|
|a Washington, DC :
|b Heldref Publications
|
| 260 |
|
|
|3 <2010-> :
|a [London] :
|b Routledge, Taylor Francis Group
|
| 310 |
|
|
|a 8 issues per year,
|b 2015-
|
| 321 |
|
|
|a Bimonthly,
|b -2014
|
| 362 |
1 |
|
|a Print began with vol. 1 (1935/36).
|
| 506 |
|
|
|a License restrictions may limit access.
|
| 538 |
|
|
|a Mode of access: World Wide Web.
|
| 588 |
|
|
|a Description based on: Vol. 128, issue 1 (Jan. 1994); title from available issues screen (viewed May 8, 1998).
|
| 588 |
|
|
|a Latest issue consulted: Vol. 153, no. 8 (2019) (Taylor & Francis Online, viewed Nov. 18, 2019).
|
| 650 |
|
0 |
|a Psychology
|v Periodicals.
|
| 650 |
|
2 |
|a Psychology
|v Periodicals.
|
| 650 |
|
7 |
|a Psychology.
|2 fast
|0 (OCoLC)fst01081447
|
| 650 |
1 |
7 |
|a Psychologie.
|2 gtt
|
| 655 |
|
0 |
|a Electronic journals.
|
| 776 |
1 |
|
|t Journal of psychology
|x 0022-3980
|w (DLC) 38003075
|w (OCoLC)1782317
|
| 850 |
|
|
|a DLC
|
| 856 |
4 |
0 |
|z Full text available from Research Library: 01/01/1994 to 11/30/2010
|u https://search.proquest.com/publication/36278
|